Andy Warhol la fabbrica delľarte

Bibliographic Details
Other Authors: Panepinto, Mirella (Editor), Mercurio, Gianni (Editor)
Format: Book
Language:Italian
PhysicalDescription:134 s. ilustr. 28 cm
Published: Milano Electa c2001
ISBN:8843578790 (brož.)
Subjects:

MARC

LEADER 00000nam a2200000 a 4500
001 vtls008848525
003 SK-MaSNL
005 20260331204707.0
008 171123s2001 it oac hcn 000 0dita
015 |a SNBZSE2007-00097 
020 |a 8843578790 (brož.) 
035 |a C1EF922D-5794-4E9D-AAC2-2A2C1E722FBE 
035 |a urn:nbn:sk:snk-amlv12 
035 |a urn:nbn:sk:snk-am00ccc2 
040 |a SNK  |b slo  |c SNK  |e AACR2 
041 0 |a ita 
044 |a it  |c IT 
072 7 |a 72/76  |x Výtvarné umenie  |2 konspekt 
080 |a (083.824)  |2 2001 
080 |a 72/76(73)  |2 2001 
080 |a (048.8)  |2 2001 
100 1 |a Warhol, Andy,  |d 1928-1987  |4 art  |9 97490 
245 1 0 |a Andy Warhol  |b la fabbrica delľarte  |c a cura di Mirella Panepinto, Gianni Mercurio 
246 3 4 |a Warhol: la fabbrica delľarte 
260 |a Milano  |b Electa  |c c2001 
300 |a 134 s.  |b ilustr.  |c 28 cm 
504 |a Bibliogr. s. 133-134 
600 1 7 |a Warhol, Andy,  |d 1928-1987  |2 SNKMA  |9 97490 
650 0 7 |a americké výtvarné umenie  |2 SNKPH  |9 86015 
655 7 |a štúdie  |2 SNKPH  |9 57033 
655 7 |a katalógy výstav  |2 SNKPH  |9 70445 
700 1 |a Panepinto, Mirella  |4 edt  |9 645120 
700 1 |a Mercurio, Gianni  |4 edt  |9 336450 
919 |a 88-435-7879-0 
958 |a ZS 
958 |a US 
958 |a BX 
958 |a NB 
958 |a IT 
999 |c 996907  |d 998837 
952 |a SNK  |b SNK  |y PREZ  |7 0  |p 17A0521426  |o snkSB 73042  |i snk2006/19393  |8 4  |g 45.01  |0 0  |1 0  |4 0  |d 2006-09-22  |f 1  |l 0  |r 2025-04-25 00:00:00  |w 2026-02-24